000 00538nam a22001817a 4500
999 _c180051
_d180051
005 20210722145053.0
010 _aENG-129616
020 _a978-81-7505-487-5
_c350.00
035 _aEN-113148
037 _bDBAD/PUB
082 _a220.24
100 _aRanganathananda,Swami
245 _aThe Message of The Upanisads/
_cBy Swami Ranganathananda
260 _aKolkata
_bRamakrishna Math
_c2019
270 _a5 Dehi Entally Road
_bKolkata
_e700014
300 _a631p.
_c24cm(hbk)
_bIndex
942 _2ddc
_cEN
_h220.24
_mRAN